000 00476cam a2200181ua 4500
001 2395
008 110819n ii |||gr||||Z||||||eng
040 _cMAIN
082 _a398.054162
100 _aGoswami, Praphulladatta,
245 1 _aBohag bihu of Assam and bihu songs
_cby Praphulladatta Goswami
250 _a1st.
260 _aGuahati:
_bPublication board assam,988.
300 _a172p:
_bill;
_c23cm.
653 _aFolklore
653 _aAssamese culture
942 _cBK
999 _c2252
_d2252